Linguistics for L2 teachers.
Saved in:
| Main Author: | |
|---|---|
| Format: | Unknown |
| Language: | English |
| Published: |
New York, USA:
Routledge Taylor & Francis Group,
2001
|
| Subjects: | |
| Tags: |
Add Tag
No Tags, Be the first to tag this record!
|
MARC
| LEADER | 00000 a2200000 4500 | ||
|---|---|---|---|
| 003 | CL-VaPUC | ||
| 005 | 20220316094846.0 | ||
| 008 | 220303b2001 ||||| |||| 00| 0 eng d | ||
| 999 | |c 434524 |d 434522 | ||
| 020 | |a 0-8058-3818-X | ||
| 040 | |c Pontificia Universidad Católica de Valparaíso | ||
| 082 | 7 | |a 428.0071 AND 2001 |2 22 | |
| 100 | |a Andrews, Larry |9 503961 |e author | ||
| 245 | 1 | 0 | |a Linguistics for L2 teachers. |
| 260 | |a New York, USA: |b Routledge Taylor & Francis Group, |c 2001 | ||
| 300 | |a 146 páginas | ||
| 583 | |k Cristina María Rojas Aguilar |c 20220303 | ||
| 650 | 0 | |a Lenguaje y lenguas |9 859612 |x Estudio y enseñanza | |
| 650 | 0 | |a Lengua inglesa |9 859623 |x Estudio y enseñanza |x Hablantes extranjeros | |
| 650 | 0 | |a Lingüística aplicada |9 313266 | |
| 942 | |2 ddc |c BK | ||
| 952 | |0 0 |1 0 |2 ddc |4 0 |6 428_007100000000000_AND_2001 |7 0 |8 A |9 581409 |a BIBEDU |b BIBEDU |c GEN |d 2022-02-24 |e 74 |g 41393.00 |i 563928K |o 428.0071 AND 2001 |p 563928K |r 2022-02-24 |t 1 |v 41393.00 |w 2022-02-24 |y BK |k LIT | ||